[Event "Montreal Perce Neige"]
[Site "Montreal"]
[Date "2018.04.07"]
[Round "2.6"]
[White "Barre, Michel"]
[Black "Wang, Isabelle"]
[Result "1-0"]
[WhiteElo "1929"]
[BlackElo "1632"]
[PlyCount "101"]
[EventDate "2018.04.??"]
[EventType "swiss"]
[EventRounds "4"]
[EventCountry "CAN"]
[SourceTitle "EXT 2022"]
[Source "ChessBase"]
[SourceDate "2021.10.06"]
[SourceVersion "1"]
[SourceVersionDate "2021.10.06"]
[SourceQuality "1"]

1. d4 d5 2. Bf4 e6 3. Nf3 Nf6 4. e3 Be7 5. Nbd2 0-0 6. Bd3 b6 7. Ne5 Bb7 8. Qf3 c5 9. c3 Nc6 10. h4 Nxe5 11. dxe5 Ne4 12. Nxe4 dxe4 13. Bxe4 Bxe4 14. Qxe4 Qc7 15. 0-0-0 Rad8 16. h5 c4 17. Rd4 b5 18. Rhd1 Bc5 19. Bg5 Bxd4 20. exd4 Rb8 21. Qg4 Kh8 22. Re1 b4 23. Bd2 bxc3 24. Bxc3 h6 25. Re3 Qe7 26. f4 Rbd8 27. a3 Qd7 28. Qe2 Qd5 29. Rf3 g6 30. Rh3 Kg7 31. Qg4 Qe4 32. Qh4 Rh8 33. Qf6+ Kg8 34. Qxd8+ Kh7 35. Qf6 Kg8 36. Rg3 Qf5 37. Qxf5 exf5 38. hxg6 fxg6 39. Rxg6+ Kf7 40. Ra6 h5 41. d5 Rg8 42. Rxa7+ Kg6 43. e6 Re8 44. Rg7+ Kh6 45. Kd2 h4 46. e7 Rc8 47. d6 h3 48. gxh3 Rc5 49. e8Q Rd5+ 50. Ke2 Rxd6 51. Qh8# 1-0

[Event "Montreal CMA Futurity ABCD"]
[Site "Montreal"]
[Date "2017.02.11"]
[Round "2"]
[White "Barre, Michel"]
[Black "Huang, Qiuyu"]
[Result "1-0"]
[WhiteElo "1936"]
[BlackElo "1955"]
[PlyCount "59"]
[EventDate "2017.02.10"]
[EventType "swiss"]
[EventRounds "5"]
[EventCountry "CAN"]
[SourceTitle "EXT 2022"]
[Source "ChessBase"]
[SourceDate "2021.10.06"]
[SourceVersion "1"]
[SourceVersionDate "2021.10.06"]
[SourceQuality "1"]

1. d4 d5 2. Bf4 Nf6 3. e3 c5 4. Nf3 Nc6 5. Nbd2 Qb6 6. dxc5 Qxb2 7. Rb1 Qc3 8. Bb5 Bg4 9. 0-0 e6 10. Be5 Bxf3 11. Nxf3 Qxc5 12. c4 Nd7 13. cxd5 Qxd5 14. Qxd5 exd5 15. Rfc1 f6 16. Bg3 Nc5 17. Nd4 Rc8 18. Nf5 Kd7 19. Nxg7 a6 20. Be2 Bxg7 21. Rxc5 Ne5 22. Rxb7+ Ke6 23. Rxc8 Rxc8 24. Bxe5 Rc1+ 25. Bf1 fxe5 26. Rxg7 d4 27. exd4 exd4 28. g4 d3 29. Kg2 d2 30. Be2 1-0

[Event "Quebec-ch op"]
[Site "Montreal"]
[Date "2016.07.25"]
[Round "4"]
[White "Barre, Michel"]
[Black "Allard, Laurent"]
[Result "1/2-1/2"]
[WhiteElo "1942"]
[BlackElo "2040"]
[PlyCount "63"]
[EventDate "2016.07.23"]
[EventType "swiss"]
[EventRounds "8"]
[EventCountry "CAN"]
[SourceTitle "CBM 173 Extra"]
[Source "ChessBase"]
[SourceDate "2016.08.29"]
[SourceVersion "1"]
[SourceVersionDate "2016.08.29"]
[SourceQuality "1"]

1. d4 Nf6 2. Bf4 g6 3. e3 Bg7 4. Nf3 0-0 5. Be2 d6 6. h3 Nbd7 7. 0-0 c5 8. c3 cxd4 9. exd4 Nb6 10. Nbd2 d5 11. Bd3 Bf5 12. Bxf5 gxf5 13. Ne5 Rc8 14. Qe2 Ne4 15. Rfe1 e6 16. Rad1 Nd7 17. Ndf3 Ndf6 18. Rd3 Qe8 19. Ng5 Nxg5 20. Bxg5 Ne4 21. Bf4 Kh8 22. Re3 Qe7 23. Qh5 Rce8 24. Nf3 Bf6 25. Ne5 Nd6 26. Kh2 Rg8 27. Nf3 Rg7 28. g3 Ne4 29. R1e2 b5 30. a3 a5 31. Ne5 a4 32. Nc6 1/2-1/2

[Event "Quebec-ch op"]
[Site "Montreal"]
[Date "2016.07.24"]
[Round "3"]
[White "Lopez Linares, Lizandro Fernando"]
[Black "Barre, Michel"]
[Result "1-0"]
[WhiteElo "1984"]
[BlackElo "1942"]
[PlyCount "115"]
[EventDate "2016.07.23"]
[EventType "swiss"]
[EventRounds "8"]
[EventCountry "CAN"]
[SourceTitle "CBM 173 Extra"]
[Source "ChessBase"]
[SourceDate "2016.08.29"]
[SourceVersion "1"]
[SourceVersionDate "2016.08.29"]
[SourceQuality "1"]

1. d4 Nf6 2. Nf3 e6 3. c4 d5 4. Nc3 c6 5. Bg5 Nbd7 6. e3 Qa5 7. Nd2 Bb4 8. Qc2 0-0 9. Bxf6 Nxf6 10. Bd3 dxc4 11. Nxc4 Qc7 12. 0-0 b6 13. Ne4 Nxe4 14. Bxe4 g6 15. a3 Be7 16. Ne5 Bb7 17. Nxc6 Bxc6 18. Qxc6 Qxc6 19. Bxc6 Rac8 20. Bb7 Rc2 21. Rab1 Rb8 22. Ba6 b5 23. Rfc1 Rxc1+ 24. Rxc1 Rb6 25. Bc8 a5 26. Kf1 Kf8 27. Bd7 Bd8 28. Rc5 b4 29. a4 Ke7 30. Bb5 h5 31. Ke2 Rb8 32. Kd3 Bb6 33. Rc6 Bd8 34. e4 Rb6 35. Rc8 Rb7 36. Bc4 Rd7 37. f4 Ra7 38. e5 Kd7 39. Rb8 Kc7 40. Rb5 Kd7 41. Ke4 Ke7 42. g3 Rd7 43. h3 Ra7 44. g4 hxg4 45. hxg4 Rd7 46. Rb8 Ra7 47. f5 gxf5+ 48. gxf5 exf5+ 49. Kxf5 Bc7 50. Rh8 Bb6 51. d5 Bc5 52. d6+ Bxd6 53. exd6+ Kxd6 54. Rf8 Kc5 55. Rxf7 Ra8 56. b3 Re8 57. Ra7 Kb6 58. Ra6+ 1-0

[Event "Pere Noel op"]
[Site "Montreal"]
[Date "2015.12.28"]
[Round "3.17"]
[White "Barre, Michel"]
[Black "Saha, Ananda"]
[Result "0-1"]
[WhiteElo "1886"]
[BlackElo "1892"]
[PlyCount "102"]
[EventDate "2015.12.26"]
[EventType "swiss"]
[EventRounds "5"]
[EventCountry "CAN"]
[SourceTitle "EXT 2019"]
[Source "ChessBase"]
[SourceDate "2018.10.10"]
[SourceVersion "1"]
[SourceVersionDate "2018.10.10"]
[SourceQuality "1"]

1. d4 d5 2. Bf4 Nf6 3. e3 e6 4. Nd2 Be7 5. Bd3 0-0 6. Ngf3 Nbd7 7. Ne5 c5 8. c3 Nxe5 9. dxe5 Nd7 10. h4 Re8 11. Nf3 Nf8 12. Ng5 f6 13. Qh5 f5 14. 0-0-0 b5 15. Bxb5 Bd7 16. Bd3 c4 17. Bb1 Rb8 18. Rd2 Qa5 19. Kd1 Ba3 20. Bxf5 exf5 21. Qf7+ Kh8 22. Rxd5 Qa4+ 23. Ke2 Rxb2+ 24. Rd2 Rxd2+ 25. Kxd2 Rd8 26. Qd5 Qc2+ 27. Ke1 Qxc3+ 28. Ke2 Qd3+ 29. Qxd3 cxd3+ 30. Kxd3 Be6+ 31. Kc3 h6 32. Nxe6 Nxe6 33. Bg3 Nc5 34. Kc4 Ne4 35. Bf4 Nxf2 36. Rb1 Ne4 37. Rb7 Bc5 38. Rc7 Bb6 39. Rf7 Kg8 40. Re7 g5 41. hxg5 hxg5 42. Bh2 Bxe3 43. e6 f4 44. Rd7 Rxd7 45. exd7 Nd6+ 46. Kd5 Nb7 47. Kc6 Nd8+ 48. Kc7 Ne6+ 49. Kc8 g4 50. d8Q+ Nxd8 51. Kxd8 g3 0-1

[Event "Laval op"]
[Site "Laval"]
[Date "2015.06.21"]
[Round "4"]
[White "Fan, Run Kun"]
[Black "Barre, Michel"]
[Result "0-1"]
[WhiteElo "1734"]
[BlackElo "1932"]
[PlyCount "54"]
[EventDate "2015.06.19"]
[EventType "swiss"]
[EventRounds "5"]
[EventCountry "CAN"]
[SourceTitle "EXT 2019"]
[Source "ChessBase"]
[SourceDate "2018.10.10"]
[SourceVersion "1"]
[SourceVersionDate "2018.10.10"]
[SourceQuality "1"]

1. Nf3 d5 2. b4 Nf6 3. Bb2 e6 4. a3 c5 5. bxc5 Bxc5 6. e3 0-0 7. d4 Bd6 8. c4 b6 9. Be2 Nbd7 10. 0-0 Bb7 11. Nbd2 Qe7 12. cxd5 Bxd5 13. Nc4 Bc7 14. a4 Rfc8 15. Ba3 Qd8 16. Rc1 Ne4 17. Qd3 Qf6 18. Rc2 g5 19. h3 h5 20. Rfc1 Bb8 21. g4 hxg4 22. hxg4 Kg7 23. Bb2 Rh8 24. Nce5 Bxe5 25. dxe5 Qh6 26. Kf1 Qh1+ 27. Ng1 Nec5 0-1

[Event "Laval op"]
[Site "Laval"]
[Date "2015.06.20"]
[Round "3"]
[White "Barre, Michel"]
[Black "Johnson Constantin, Matthieu"]
[Result "0-1"]
[WhiteElo "1932"]
[BlackElo "1719"]
[PlyCount "132"]
[EventDate "2015.06.19"]
[EventType "swiss"]
[EventRounds "5"]
[EventCountry "CAN"]
[SourceTitle "EXT 2019"]
[Source "ChessBase"]
[SourceDate "2018.10.10"]
[SourceVersion "1"]
[SourceVersionDate "2018.10.10"]
[SourceQuality "1"]

1. Nf3 c5 2. c4 Nc6 3. b3 Nf6 4. g3 g6 5. Bg2 Bg7 6. Bb2 0-0 7. 0-0 Qc7 8. Nc3 a6 9. e3 d6 10. Qe2 Bd7 11. Rfd1 Rab8 12. Rac1 Rfc8 13. d4 cxd4 14. exd4 e6 15. d5 Ne7 16. dxe6 fxe6 17. Ba3 Nf5 18. Ng5 Re8 19. Qd3 Qa5 20. Bb2 b5 21. cxb5 axb5 22. Rc2 b4 23. Nce4 Nxe4 24. Nxe4 Bxb2 25. Rxb2 Qe5 26. Rc2 Bb5 27. Qd2 d5 28. f4 Qg7 29. Ng5 Qa7+ 30. Qf2 d4 31. Rdc1 Qb6 32. Nf3 Red8 33. Ne5 Ne3 34. Rd2 Rbc8 35. Re1 Rc3 36. Be4 Qc5 37. h3 Rc1 38. Kh2 Nf1+ 39. Rxf1 Rxf1 40. Qg2 Qc1 41. Rc2 Qd1 42. Qd2 d3 43. Rb2 Qxd2+ 44. Rxd2 Rc1 45. Kg2 Rc2 46. Nf3 Rxd2+ 47. Nxd2 Rc8 48. Kf2 Rc2 49. Ke3 Rxa2 50. h4 Rb2 51. g4 Kf7 52. g5 Ke7 53. Bf3 Kd6 54. Ne4+ Ke7 55. Nd2 e5 56. fxe5 Ke6 57. h5 Kxe5 58. hxg6 hxg6 59. Bg4 Rxd2 60. Kxd2 Kf4 61. Bd1 Kxg5 62. Ke3 Kh4 63. Kd4 g5 64. Kc5 g4 65. Kxb5 g3 66. Kc4 g2 0-1

[Event "Montreal Varennes op"]
[Site "Montreal"]
[Date "2014.11.09"]
[Round "4"]
[White "Fan, Run Kun"]
[Black "Barre, Michel"]
[Result "1-0"]
[WhiteElo "1770"]
[BlackElo "1964"]
[PlyCount "59"]
[EventDate "2014.11.07"]
[EventType "swiss"]
[EventRounds "5"]
[EventCountry "CAN"]
[SourceTitle "EXT 2022"]
[Source "ChessBase"]
[SourceDate "2021.10.06"]
[SourceVersion "1"]
[SourceVersionDate "2021.10.06"]
[SourceQuality "1"]

1. Nf3 d5 2. g3 Nf6 3. Bg2 c6 4. 0-0 Bg4 5. d4 Nbd7 6. b3 e6 7. c4 Be7 8. Ba3 0-0 9. e3 Re8 10. h3 Bh5 11. g4 Bg6 12. Ne5 Nxe5 13. dxe5 Nd7 14. f4 Bxb1 15. Bxe7 Qxe7 16. Rxb1 dxc4 17. bxc4 Nb6 18. Qe2 Qc5 19. Rfc1 Red8 20. Be4 Rd7 21. Rc2 Rad8 22. Kf2 Qa5 23. Kf3 Rd2 24. Qe1 Nxc4 25. Rxc4 Qxa2 26. Rcc1 Rh2 27. Kg3 Rdd2 28. Rd1 g5 29. Rxd2 gxf4+ 30. Kxh2 1-0

[Event "Montreal op"]
[Site "Montreal"]
[Date "2014.09.07"]
[Round "5"]
[White "Barre, Michel"]
[Black "Turcotte, Jonathan"]
[Result "0-1"]
[WhiteElo "1935"]
[BlackElo "2088"]
[PlyCount "72"]
[EventDate "2014.09.05"]
[EventType "swiss"]
[EventRounds "5"]
[EventCountry "CAN"]
[SourceTitle "EXT 2022"]
[Source "ChessBase"]
[SourceDate "2021.10.06"]
[SourceVersion "1"]
[SourceVersionDate "2021.10.06"]
[SourceQuality "1"]

1. e4 c6 2. d4 d5 3. exd5 cxd5 4. c4 Nf6 5. Nc3 Nc6 6. Nf3 Bg4 7. cxd5 Nxd5 8. Qb3 Bxf3 9. gxf3 e6 10. Nxd5 Qxd5 11. Qxd5 exd5 12. Bb5 Rc8 13. 0-0 a6 14. Ba4 Bb4 15. a3 Ba5 16. Rd1 0-0 17. Be3 b5 18. Bb3 Rfd8 19. Rac1 Ne7 20. Kf1 Bb6 21. Ke2 f6 22. h4 h5 23. Bc2 Kf7 24. Rg1 Rc4 25. Bd3 Rxc1 26. Rxc1 Rc8 27. Rxc8 Nxc8 28. Bf5 Nd6 29. Bd3 Nc4 30. Bxc4 bxc4 31. f4 Ke6 32. Kd2 Kf5 33. f3 Bc7 34. Kc3 Bxf4 35. Bxf4 Kxf4 36. Kb4 g5 0-1

[Event "Montreal op"]
[Site "Montreal"]
[Date "2013.09.07"]
[Round "3"]
[White "Le Duin, Thierry"]
[Black "Barre, Michel"]
[Result "1/2-1/2"]
[WhiteElo "2015"]
[BlackElo "1956"]
[PlyCount "94"]
[EventDate "2013.09.06"]
[EventType "swiss"]
[EventRounds "5"]
[EventCountry "CAN"]
[SourceTitle "EXT 2022"]
[Source "ChessBase"]
[SourceDate "2021.10.06"]
[SourceVersion "1"]
[SourceVersionDate "2021.10.06"]
[SourceQuality "1"]

1. d4 Nf6 2. Nf3 e6 3. Bg5 c5 4. e3 Qb6 5. Qc1 Nc6 6. c3 d5 7. Nbd2 cxd4 8. exd4 Be7 9. Bd3 h6 10. Bh4 Bd7 11. 0-0 g5 12. Bg3 Nh5 13. Be5 0-0 14. Nb3 f6 15. Bg3 Nxg3 16. hxg3 Rac8 17. Qb1 Rf7 18. Re1 Bd6 19. Re2 Ne7 20. Qc2 Nc6 21. Qd2 a5 22. Rae1 Re7 23. Bb1 a4 24. Nc1 Na5 25. Qd3 f5 26. Qc2 Nc4 27. Nd3 Rce8 28. Nfe5 Bxe5 29. Nxe5 Nxe5 30. Rxe5 Rg7 31. Qd2 Qc6 32. Qe2 Rf8 33. a3 Rf6 34. Ba2 b5 35. Qf3 Kh7 36. g4 f4 37. Qd3+ Kh8 38. f3 Kg8 39. Kf2 Kf8 40. Rh1 Be8 41. Qe2 Rd7 42. Bb1 Kg7 43. Bd3 Rb7 44. Re1 Bf7 45. Rh1 Bg6 46. Bxg6 Rxg6 47. Re1 Kf7 1/2-1/2

[Event "Quebec op"]
[Site "Montreal"]
[Date "2012.07.23"]
[Round "4"]
[White "Gauthier, Denis"]
[Black "Barre, Michel"]
[Result "1/2-1/2"]
[WhiteElo "1987"]
[BlackElo "1882"]
[PlyCount "61"]
[EventDate "2012.07.21"]
[EventType "swiss"]
[EventRounds "9"]
[EventCountry "CAN"]
[SourceTitle "EXT 2022"]
[Source "ChessBase"]
[SourceDate "2021.10.06"]
[SourceVersion "1"]
[SourceVersionDate "2021.10.06"]
[SourceQuality "1"]

1. d4 Nf6 2. c4 e6 3. Nf3 Bb4+ 4. Nbd2 b6 5. a3 Bxd2+ 6. Bxd2 Bb7 7. Bg5 d6 8. e3 Nbd7 9. Be2 h6 10. Bh4 Qe7 11. 0-0 g5 12. Bg3 Ne4 13. Qc2 0-0-0 14. b4 c5 15. Nd2 Nxg3 16. hxg3 h5 17. Bf3 g4 18. Bxb7+ Kxb7 19. Nb3 Rc8 20. bxc5 dxc5 21. Rab1 Kc7 22. dxc5 Nxc5 23. Nxc5 Qxc5 24. Rb5 Qc6 25. Rfb1 Kd7 26. Rc1 Ke7 27. Qb2 h4 28. Qb4+ Ke8 29. Qc3 Ke7 30. Qb4+ Ke8 31. Qc3 1/2-1/2

[Event "Quebec op"]
[Site "Montreal"]
[Date "2012.07.22"]
[Round "2"]
[White "Boudreau, Daniel"]
[Black "Barre, Michel"]
[Result "1-0"]
[WhiteElo "1956"]
[BlackElo "1882"]
[PlyCount "59"]
[EventDate "2012.07.21"]
[EventType "swiss"]
[EventRounds "9"]
[EventCountry "CAN"]
[SourceTitle "EXT 2022"]
[Source "ChessBase"]
[SourceDate "2021.10.06"]
[SourceVersion "1"]
[SourceVersionDate "2021.10.06"]
[SourceQuality "1"]

1. e4 c5 2. Nf3 e6 3. d4 cxd4 4. Nxd4 a6 5. Bd3 Nf6 6. 0-0 Qc7 7. Qe2 Nc6 8. Nxc6 dxc6 9. e5 Nd7 10. f4 Nc5 11. Be3 Nxd3 12. cxd3 c5 13. Nd2 Be7 14. Rac1 Bd7 15. b4 b6 16. Ne4 Bc6 17. bxc5 Bxe4 18. cxb6 Qb7 19. Rc7 Qb8 20. dxe4 Bd8 21. Rc6 0-0 22. Rfc1 Qb7 23. a4 a5 24. Qb5 Ra6 25. Bc5 g6 26. Bxf8 Rxb6 27. Rxb6 Bxb6+ 28. Bc5 Bxc5+ 29. Qxc5 Qxe4 30. Rd1 1-0

[Event "Quebec op"]
[Site "Montreal"]
[Date "2012.07.21"]
[Round "1"]
[White "Barre, Michel"]
[Black "Lopez Linares, Lizandro Fernando"]
[Result "0-1"]
[WhiteElo "1882"]
[BlackElo "2096"]
[PlyCount "134"]
[EventDate "2012.07.21"]
[EventType "swiss"]
[EventRounds "9"]
[EventCountry "CAN"]
[SourceTitle "EXT 2022"]
[Source "ChessBase"]
[SourceDate "2021.10.06"]
[SourceVersion "1"]
[SourceVersionDate "2021.10.06"]
[SourceQuality "1"]

1. d4 Nf6 2. Nf3 c5 3. d5 e6 4. c4 exd5 5. cxd5 d6 6. Nc3 g6 7. g3 Bg7 8. Bg2 0-0 9. 0-0 Re8 10. Nd2 Nbd7 11. Nc4 Ne5 12. Qb3 Nxc4 13. Qxc4 a6 14. a4 Rb8 15. a5 b5 16. axb6 Qxb6 17. e4 Qb4 18. Qd3 Ng4 19. Ra4 Qb6 20. h3 Ne5 21. Qe2 c4 22. Rd1 Bd7 23. Ra2 Nd3 24. Rxd3 cxd3 25. Qxd3 Bb5 26. Qf3 Bc4 27. Ra3 Qc7 28. h4 Rb3 29. Rxb3 Bxb3 30. h5 Bc2 31. Qe3 f5 32. h6 Bf6 33. Bd2 Qc4 34. Qf4 Be5 35. Qh4 Qc7 36. exf5 Bxf5 37. Qa4 Qc8 38. Bf1 Bd7 39. Qa3 Qc5 40. Qxc5 dxc5 41. Bxa6 Rb8 42. Ne4 Bf5 43. Nxc5 Rxb2 44. Be3 Bd6 45. Kf1 Bg4 46. Bd3 Bf3 47. Be4 Bxc5 48. Bxf3 Bxe3 49. fxe3 Rh2 50. e4 Kf7 51. Bg2 Kf6 52. Kf2 Ke5 53. Kf3 Rxh6 54. Kg4 Rh2 55. Kf3 g5 56. Kf2 g4 57. Kg1 Rh6 58. Kf2 Kd4 59. Ke2 Ra6 60. Kf2 Ra2+ 61. Kg1 h5 62. Bh1 Ke3 63. e5 Ra1+ 64. Kg2 Rd1 65. Kh2 Kf2 66. Be4 Rg1 67. e6 Rxg3 0-1

[Event "Quebec op"]
[Site "Montreal"]
[Date "2011.07.28"]
[Round "7"]
[White "Barre, Michel"]
[Black "Luo, Zhao Yang"]
[Result "1-0"]
[WhiteElo "1854"]
[BlackElo "1908"]
[PlyCount "81"]
[EventDate "2011.07.23"]
[EventType "swiss"]
[EventRounds "9"]
[EventCountry "CAN"]
[SourceTitle "EXT 2022"]
[Source "ChessBase"]
[SourceDate "2021.10.06"]
[SourceVersion "1"]
[SourceVersionDate "2021.10.06"]
[SourceQuality "1"]

1. e4 c6 2. d4 d5 3. exd5 cxd5 4. c4 Nf6 5. Nc3 e6 6. Nf3 Bb4 7. Bd2 0-0 8. cxd5 exd5 9. Be2 Bg4 10. 0-0 Nc6 11. Bg5 Be7 12. Re1 Re8 13. h3 Bh5 14. Ne5 Bxe2 15. Rxe2 Qb6 16. Bxf6 Bxf6 17. Nd7 Qxd4 18. Rd2 Qh4 19. Nxd5 Bg5 20. Rd3 Rac8 21. Nc3 Rcd8 22. Qb3 Na5 23. Qd5 Nc6 24. Qb5 Nb4 25. Rg3 Nc2 26. Rd1 Nd4 27. Qd5 Bf6 28. Rg4 Qh6 29. Ne4 Be5 30. Kf1 Qa6+ 31. Kg1 Qa4 32. Rxd4 Qxd7 33. Qxd7 Rxd7 34. Rxd7 f5 35. Nd6 Bxd6 36. Rgxg7+ Kh8 37. Rxh7+ Kg8 38. Rdg7+ Kf8 39. Rh8+ Kxg7 40. Rxe8 Kf7 41. Re3 1-0

[Event "St Jean CC op 0304"]
[Site "St Jean sur Richelieu"]
[Date "2004.01.07"]
[Round "3"]
[White "Mongeau, Diane"]
[Black "Barre, Michel"]
[Result "0-1"]
[WhiteElo "1937"]
[BlackElo "1927"]
[PlyCount "141"]
[EventDate "2003.11.??"]
[EventType "swiss"]
[EventRounds "6"]
[EventCountry "CAN"]
[SourceTitle "EXT 2005"]
[Source "ChessBase"]
[SourceDate "2004.11.15"]
[SourceVersion "1"]
[SourceVersionDate "2004.11.15"]
[SourceQuality "1"]

1. d4 d5 2. Nf3 Nf6 3. c3 c6 4. Bf4 Bf5 5. Nbd2 Nbd7 6. e3 Ne4 7. Nh4 e6 8. Nxf5 exf5 9. f3 Nxd2 10. Qxd2 g6 11. Bd3 Qe7 12. 0-0 Bg7 13. Rfe1 0-0 14. e4 fxe4 15. fxe4 dxe4 16. Rxe4 Qd8 17. Rae1 Nf6 18. Re7 b5 19. Bg5 Qa5 20. b4 Qa3 21. Bxf6 Bxf6 22. R7e2 a5 23. bxa5 Rxa5 24. Be4 c5 25. Rf1 Bg7 26. Bd5 Ra7 27. Bb3 c4 28. Bd1 Qd6 29. Qb2 Rb7 30. Rd2 Rd8 31. Bf3 Rbb8 32. a3 Re8 33. Qb4 Bf8 34. Qxd6 Bxd6 35. Bd5 Re7 36. Rdf2 Rf8 37. Ra2 Ra7 38. Rfa1 Ra4 39. Bf3 Rd8 40. Kf2 f5 41. g3 Kf8 42. Ke3 Ke7 43. Bd1 Ra6 44. a4 b4 45. cxb4 Bxb4 46. Rc1 Re6+ 47. Kf3 Rxd4 48. Be2 c3 49. a5 Rd2 50. Rxd2 cxd2 51. Rc7+ Kd8 52. Rxh7 Bxa5 53. Kf2 Bb6+ 54. Kf1 Ke8 55. h4 Re3 56. Rb7 Bd4 57. Rb1 Rxg3 58. Bb5+ Ke7 59. Ke2 Be3 60. Rh1 f4 61. Bc6 Kd6 62. Ba8 Ke5 63. h5 gxh5 64. Rxh5+ Kd4 65. Rh1 Kc3 66. Be4 Bg1 67. Kd1 Re3 68. Rxg1 Rxe4 69. Rf1 Kd3 70. Rf3+ Re3 71. Rf1 0-1

[Event "St Jean CC op 0304"]
[Site "St Jean sur Richelieu"]
[Date "2004.??.??"]
[Round "5"]
[White "Barre, Michel"]
[Black "Denicourt, Bruno"]
[Result "0-1"]
[WhiteElo "1927"]
[BlackElo "1594"]
[PlyCount "76"]
[EventDate "2003.11.??"]
[EventType "swiss"]
[EventRounds "6"]
[EventCountry "CAN"]
[SourceTitle "EXT 2005"]
[Source "ChessBase"]
[SourceDate "2004.11.15"]
[SourceVersion "1"]
[SourceVersionDate "2004.11.15"]
[SourceQuality "1"]

1. d4 Nf6 2. Nf3 d6 3. c4 g6 4. Nc3 Bg7 5. e4 0-0 6. h3 e5 7. dxe5 dxe5 8. Qxd8 Rxd8 9. Bg5 Re8 10. Nd5 Nxd5 11. cxd5 f5 12. Bd3 f4 13. Rc1 h6 14. Bb5 c6 15. dxc6 bxc6 16. Bc4+ Kf8 17. Bh4 g5 18. Nxg5 hxg5 19. Bxg5 Be6 20. h4 Bxc4 21. Rxc4 Re6 22. g3 Bh6 23. gxf4 exf4 24. Ke2 Nd7 25. Rd1 Ne5 26. Rc5 Bxg5 27. hxg5 Kg7 28. Rd4 Kg6 29. Ra4 Nd7 30. Rca5 Ne5 31. Rxa7 Rxa7 32. Rxa7 Kxg5 33. b3 Ng6 34. f3 Rd6 35. a4 Nf8 36. Ra5+ Kg6 37. Rf5 Ne6 38. a5 Nd4+ 0-1

[Event "St Jean CC op 0304"]
[Site "St Jean sur Richelieu"]
[Date "2004.??.??"]
[Round "4"]
[White "Barre, Michel"]
[Black "Kowalyszyn, Miguel"]
[Result "1-0"]
[WhiteElo "1927"]
[BlackElo "1635"]
[PlyCount "136"]
[EventDate "2003.11.??"]
[EventType "swiss"]
[EventRounds "6"]
[EventCountry "CAN"]
[SourceTitle "EXT 2005"]
[Source "ChessBase"]
[SourceDate "2004.11.15"]
[SourceVersion "1"]
[SourceVersionDate "2004.11.15"]
[SourceQuality "1"]

1. d4 Nf6 2. Nf3 e6 3. e3 d5 4. Bd3 Nbd7 5. 0-0 Ne4 6. Nbd2 Ndf6 7. Ne5 Bd6 8. f3 Nxd2 9. Bxd2 0-0 10. c4 c5 11. Qc2 cxd4 12. exd4 dxc4 13. Nxc4 Be7 14. Be3 Bd7 15. Ne5 Rc8 16. Qb3 Bc6 17. Rac1 Bd5 18. Qa4 Qb6 19. b3 Bd6 20. Nc4 Qd8 21. Nxd6 Qxd6 22. Rxc8 Rxc8 23. Qxa7 Rc3 24. Rc1 Rxc1+ 25. Bxc1 g6 26. Qa8+ Qf8 27. Qa5 Kg7 28. Bf4 Nh5 29. Be5+ f6 30. Bc7 g5 31. Kf2 Nf4 32. Bxf4 gxf4 33. Qc7+ Qf7 34. Qxf7+ Kxf7 35. Ke2 f5 36. Kd2 Ke7 37. Kc3 Kd6 38. Kb4 Bc6 39. Bc4 h5 40. h4 Bd7 41. a4 b6 42. Bb5 Bc8 43. Kc4 Bb7 44. b4 Bd5+ 45. Kc3 e5 46. dxe5+ Kxe5 47. Be8 Kf6 48. Bxh5 Bc6 49. a5 bxa5 50. bxa5 Bb5 51. Kd4 Bf1 52. Kc5 Kg7 53. Kb6 Kh6 54. Be8 Bxg2 55. Bc6 Bf1 56. a6 Bxa6 57. Kxa6 Kh5 58. Kb6 Kxh4 59. Kc5 Kh5 60. Kd6 Kh6 61. Ke5 Kg5 62. Bd7 Kg6 63. Kxf4 Kf6 64. Bxf5 Kf7 65. Bd3 Kf6 66. Bc4 Kg7 67. Kf5 Kf8 68. Kf6 Ke8 1-0